| 000 | 01007nam a2200313 a 4500 | ||
|---|---|---|---|
| 001 | 51635 | ||
| 003 | BD-RjUL | ||
| 005 | 20211209075706.0 | ||
| 008 | 160901s1969 nyua b 00100 eng d | ||
| 020 | _a0471033553 (v. 3) | ||
| 035 | _a(BD-RjUL)51755 | ||
| 035 | _a(CStRLIN)NMLI91-B2859 | ||
| 040 |
_aMUL _cMUL _dMiU _dNjR _dNIC _dNmLaS _dBD-RjUL _beng |
||
| 041 | _aeng | ||
| 082 |
_a519.9 _223 _bPRO 1969 |
||
| 245 | 0 | 0 |
_aProgress in operations research / _cJulius S. Aronofsky |
| 260 | 0 |
_aNew York : _bWiley & sons, _c1969. |
|
| 300 |
_aVol. : _bill. ; _c24 cm. |
||
| 490 |
_aPublication in operation research ; _vno.16 |
||
| 500 | _aIncludes Index | ||
| 505 | _aVol. 3. -- | ||
| 650 | 0 |
_aOperations research. _9154347 |
|
| 650 | 0 |
_aSystem analysis. _9154348 |
|
| 650 | 0 |
_aManagement _xResearch. _9150458 |
|
| 700 | 1 |
_aAronofsky, Julius S. _9154349 |
|
| 710 | 2 |
_aOperations Research Society of America. _9118271 |
|
| 830 | 0 |
_aPublications in operations research ; _vno. 16 _9154350 |
|
| 942 |
_2ddc _cBK |
||
| 999 |
_c51635 _d51635 |
||